Translation - Sudden Death - Statistics

General Stats
  • This quiz has been taken 427 times
  • The average score is 2 of 6
Answers on the Grid
Answers color-coded by a green-red scale on the quiz's grid according to % correct below.
Plötzlicher Tod
Schnelles sterben
Mort subite
Plotselinge dood
Bijna-dood
Morse Subitea
Kuolema
Äkkikuolema
muerte súbita
Morte Subita
Mors Subitum
Fast Dead
 
Answer Stats
Answer % Correct
Plötzlicher Tod
51%
Mort subite
49%
Morte Subita
37%
muerte súbita
35%
Plotselinge dood
28%
Äkkikuolema
18%
No matching quizzes found
Score Distribution
Percent of People with Each Score
Percentile by Number Answered
Your Score History
You have not taken this quiz